El hombre moderno y la vida espiritual / (Record no. 129558)

MARC details
000 -LEADER
campo de control de longitud fija 00730nam a2200241 i 4500
001 - NÚMERO DE CONTROL
campo de control 129558
003 - IDENTIFICADOR DE NÚMERO DE CONTROL
campo de control ES-MaACL
005 - FECHA Y HORA DE LA ÚLTIMA TRANSACCIÓN
campo de control 20250919110345.0
007 - CAMPO FIJO DE DESCRIPCIÓN FÍSICA--INFORMACIÓN GENERAL
campo de control de longitud fija t|
008 - DATOS DE LONGITUD FIJA--INFORMACIÓN GENERAL
campo de control de longitud fija 070626s1965 sp ||||1| spa d
080 ## - NÚMERO DE LA CLASIFICACIÓN DECIMAL UNIVERSAL
Número de la Clasificación Decimal Universal 248
100 1# - ENTRADA PRINCIPAL--NOMBRE DE PERSONA
Nombre de persona Thurian, Max.
9 (RLIN) 110184
245 13 - MENCIÓN DEL TÍTULO
Título El hombre moderno y la vida espiritual /
Mención de responsabilidad, etc. Max Thurian ; traductor Juan Estruch.
250 ## - MENCION DE EDICION
Mención de edición [1ª ed.].
260 ## - PUBLICACIÓN, DISTRIBUCIÓN, ETC.
Lugar de publicación, distribución, etc. Barcelona :
Nombre del editor, distribuidor, etc. Estela,
Fecha de publicación, distribución, etc. 1965.
300 ## - DESCRIPCIÓN FÍSICA
Extensión 89 p. ;
Dimensiones 20 cm.
490 1# - MENCIÓN DE SERIE
Mención de serie Libros de Espiritualidad ;
Designación de volumen o secuencia 18
650 #4 - PUNTO DE ACCESO ADICIONAL DE MATERIA--TÉRMINO DE MATERIA
Término de materia o nombre geográfico como elemento de entrada Vida espiritual.
9 (RLIN) 12505
700 1# - ENTRADA AGREGADA--NOMBRE PERSONAL
Nombre de persona Estruch, Joan,
Fechas asociadas al nombre 1943-
9 (RLIN) 48256
830 00 - PUNTO DE ACCESO ADICIONAL DE SERIE-TÍTULO UNIFORME
Título uniforme Libros de espiritualidad
Designación de volumen o secuencia 18
9 (RLIN) 219347
852 ## - LOCALIZACIÓN
Ubicación ES-MaACL
Número de control de estantería C-28154
Sublocalización o colección R.57581
Holdings
Estatus retirado Estado de pérdida Estado de daño No para préstamo Biblioteca de origen Biblioteca actual Ubicación en estantería Fecha de adquisición Fuente de adquisición Total de préstamos Signatura topográfica completa Código de barras Visto por última vez Precio de reemplazo Tipo de ítem Koha
        Biblioteca del Ateneo de Madrid Biblioteca del Ateneo de Madrid Depósito 2 17/01/2008     C-28154 1134912 23/02/2023 23/02/2023 Libro impreso